Interpersonal skills in organizations / (Record no. 10982)
[ view plain ]
| 000 -LEADER | |
|---|---|
| fixed length control field | 00981cac a22002775a 4500 |
| 008 - FIXED-LENGTH DATA ELEMENTS--GENERAL INFORMATION | |
| fixed length control field | 081111t2009 nyua frb 001 0 eng d |
| 020 ## - INTERNATIONAL STANDARD BOOK NUMBER | |
| International Standard Book Number | 9780071263375 |
| 020 ## - INTERNATIONAL STANDARD BOOK NUMBER | |
| International Standard Book Number | 0071263373 |
| 040 ## - CATALOGING SOURCE | |
| Original cataloging agency | EG-ScBUE |
| Language of cataloging | eng |
| Transcribing agency | EG-ScBUE |
| Modifying agency | EG-ScBUE |
| 082 04 - DEWEY DECIMAL CLASSIFICATION NUMBER | |
| Classification number | 158.7 |
| Item number | JAN |
| Edition number | 22 |
| 100 1# - MAIN ENTRY--PERSONAL NAME | |
| Personal name | De Janasz, Suzanne C. |
| 9 (RLIN) | 12213 |
| 245 10 - TITLE STATEMENT | |
| Title | Interpersonal skills in organizations / |
| Statement of responsibility, etc | Suzanne C. De Janasz, Karen O. Dowd, Beth Z. Schneider. |
| 250 ## - EDITION STATEMENT | |
| Edition statement | 3rd ed., International ed. |
| 260 ## - PUBLICATION, DISTRIBUTION, ETC. (IMPRINT) | |
| Place of publication, distribution, etc | New York : |
| Name of publisher, distributor, etc | McGraw-Hill, |
| Date of publication, distribution, etc | c.2009. |
| 300 ## - PHYSICAL DESCRIPTION | |
| Extent | xxii, 441 p. : |
| Other physical details | ill. ; |
| Dimensions | 28 cm. |
| 500 ## - GENERAL NOTE | |
| General note | Includes bibliographical references and index. |
| 541 ## - IMMEDIATE SOURCE OF ACQUISITION NOTE | |
| Source of acquisition | Abdulrahman finence ; |
| 650 #7 - SUBJECT ADDED ENTRY--TOPICAL TERM | |
| Topical term or geographic name as entry element | Organizational behavior. |
| Source of heading or term | BUEsh |
| 9 (RLIN) | 12214 |
| 650 #7 - SUBJECT ADDED ENTRY--TOPICAL TERM | |
| Topical term or geographic name as entry element | Psychology, Industrial. |
| Source of heading or term | BUEsh |
| 9 (RLIN) | 12215 |
| 650 #7 - SUBJECT ADDED ENTRY--TOPICAL TERM | |
| Topical term or geographic name as entry element | Interpersonal relations. |
| Source of heading or term | BUEsh |
| 9 (RLIN) | 12216 |
| 651 ## - SUBJECT ADDED ENTRY--GEOGRAPHIC NAME | |
| Source of heading or term | BUEsh |
| 653 ## - INDEX TERM--UNCONTROLLED | |
| Resource For college | Generalities |
| -- | BAEPS, Business Administration |
| Arrived date list | April2019 |
| 700 1# - ADDED ENTRY--PERSONAL NAME | |
| Personal name | Dowd, Karen O. |
| 9 (RLIN) | 12217 |
| 700 1# - ADDED ENTRY--PERSONAL NAME | |
| Personal name | Schneider, Beth Z. |
| 9 (RLIN) | 12218 |
| 942 ## - ADDED ENTRY ELEMENTS (KOHA) | |
| Source of classification or shelving scheme | Dewey Decimal Classification |
| Withdrawn status | Item status | Source of classification or shelving scheme | Damaged status | Not for loan | Vendor | Home library | Current library | Shelving location | Date acquired | Source of acquisition | Cost, normal purchase price | Total Checkouts | Total Renewals | Full call number | Barcode | Date last seen | Date last borrowed | Cost, replacement price | Koha item type | Materials specified (bound volume or other part) |
|---|---|---|---|---|---|---|---|---|---|---|---|---|---|---|---|---|---|---|---|---|
| Dewey Decimal Classification | Baccah | Central Library | Central Library | Lower Floor | 02/03/2009 | 180.00 | 9 | 9 | 158.7 JAN | 000015341 | 15/07/2025 | 14/02/2018 | 225.00 | Book - Borrowing | ||||||
| Dewey Decimal Classification | Baccah | Central Library | Central Library | Lower Floor | 02/03/2009 | 180.00 | 5 | 158.7 JAN | 000015340 | 15/07/2025 | 10/02/2013 | 225.00 | NB - Book (Non borrowing) | |||||||
| Lost | Dewey Decimal Classification | Baccah | Central Library | Central Library | Lower Floor | 03/03/2010 | 180.00 | 3 | 1 | 158.7 JAN | 000020116 | 01/07/2011 | 27/04/2010 | 225.00 | Book - Borrowing | Lost In Inventory_2015-8-23 | ||||
| Dewey Decimal Classification | Baccah | Central Library | Central Library | Lower Floor | 03/03/2010 | 180.00 | 8 | 31 | 158.7 JAN | 000020114 | 15/07/2025 | 16/10/2022 | 225.00 | Book - Borrowing | ||||||
| Dewey Decimal Classification | Baccah | Central Library | Central Library | Lower Floor | 03/03/2010 | 180.00 | 9 | 13 | 158.7 JAN | 000020113 | 15/07/2025 | 22/02/2015 | 225.00 | Book - Borrowing | ||||||
| Dewey Decimal Classification | Baccah | Central Library | Central Library | Lower Floor | 10/03/2011 | Purchase | 180.00 | 2 | 2 | 158.7 JAN | 000022634 | 15/07/2025 | 17/01/2013 | 225.00 | Book - Borrowing | |||||
| Dewey Decimal Classification | Baccah | Central Library | Central Library | Lower Floor | 10/03/2011 | 180.00 | 9 | 25 | 158.7 JAN | 000022635 | 15/07/2025 | 19/03/2017 | 225.00 | Book - Borrowing | ||||||
| Dewey Decimal Classification | Baccah | Central Library | Central Library | Lower Floor | 10/03/2011 | 180.00 | 8 | 26 | 158.7 JAN | 000022636 | 15/07/2025 | 13/03/2018 | 225.00 | Book - Borrowing | ||||||
| Dewey Decimal Classification | Baccah | Central Library | Central Library | Lower Floor | 10/03/2011 | 180.00 | 10 | 25 | 158.7 JAN | 000022637 | 15/07/2025 | 14/03/2017 | 225.00 | Book - Borrowing | ||||||
| Dewey Decimal Classification | Baccah | Central Library | Central Library | Lower Floor | 10/03/2011 | 180.00 | 8 | 40 | 158.7 JAN | 000022638 | 15/07/2025 | 25/02/2019 | 225.00 | Book - Borrowing | ||||||
| Dewey Decimal Classification | Central Library | Central Library | Lower Floor | 14/06/2016 | Purchase | 3 | 2 | 158.7 JAN | 000032664 | 15/07/2025 | 08/02/2018 | Book - Borrowing | ||||||||
| Dewey Decimal Classification | Central Library | Central Library | Lower Floor | 04/03/2018 | 158.7 JAN | 000047325 | 15/07/2025 | Book - Borrowing | ||||||||||||
| Dewey Decimal Classification | Central Library | Central Library | Lower Floor | 21/04/2019 | Donation | 1 | 22 | 158.7 JAN | 000043532 | 15/07/2025 | 31/03/2021 | Book - Borrowing |